000 01085nam a2200265 i 4500
003 DO-SdBNP
005 20260223091117.0
007 ta
008 251016b2020 dr ac||| |||| 00| 0 spa d
040 _aDO-SdBNP
_bspa
_cBNPHU
_erda
041 _aspa
082 4 _axxx
_bC963o
_222
100 1 _aBáez Pérez, Rafael Cucullo
_eautor
_4aut.
_934714
245 1 0 _aOpúsculo :
_bencuentros con presidentes, primeros ministros y vice-presidentes, sostenidos a lo largo de mis años de ejercicio político /
_cRafael Cucullo Báez ; edición, Carlos Rodríguez ; diagramación y diseño, Danay Delgado.
264 4 _aSanto Domingo, República Dominicana :
_bEditora Mediabyte, S. R. L.,
_c©2020.
300 _a56 páginas :
_bilustraciones, retratos ;
_c22 cm.
336 _atexto
_btxt
_2rdacontent
337 _asin mediación
_bn
_2rdamedia
338 _avolumen
_bnc
_2rdacarrier
500 _aIncluye datos biográficos del autor en la contracubierta.
590 _aInventariado, 2025 LP
700 1 _aRodríguez, Carlos,
_eedición
_4ed.
_989018
910 _aLP
942 _2ddc
_cLBS1
999 _c59966
_d59966